000 00870cam a2200289 4500
008
020 _a0801609046 (pbk.)
049 _aMAIN
090 _aQR46 BUR
100 1 _aBurnett, George Wesley.
245 1 0 _aPathogenic microbiology/
_c[by] George W. Burnett [and] George S. Schuster.
260 _aSt. Louis :
_bMosby,
_c1973.
300 _aviii, 519 p. :
_bill. ;
_c26 cm.
504 _aIncludes bibliographical references.
650 0 _aMedical microbiology.
650 0 _aPathogenic microorganisms.
650 2 _aBacteria
_xpathogenicity.
650 2 _aFungi
_xpathogenicity.
650 2 _aInfection.
650 2 _aViruses
_xpathogenicity.
700 1 _aSchuster, George S.
907 _a.b10005997
_b17-01-07
_c17-04-03
003
005 20230120153116.0
040 _cNUST
942 _cBOOKS
_kQR46 BUR
999 _c98907
_d98907